| 000 | 00381 a2200145 4500 | ||
|---|---|---|---|
| 005 | 20250314122632.0 | ||
| 020 | _a0-07-246521-2 | ||
| 082 | _a658.872 RAY | ||
| 100 | _aRAYPORT, J. F. | ||
| 245 | _aE-Commerce | ||
| 260 |
_aBoston _bMcGraw-Hill _c2001 |
||
| 300 |
_axxxv, 419p., ill., table, figure, picture _bGlossary, index _c26cm. |
||
| 700 | _aJAWORSKI, B. J. | ||
| 942 |
_2ddc _cBKS |
||
| 999 |
_c615 _d615 |
||